000 00500nam a2200181Ia 4500
008 100920s9999 xx 000 0 und d
082 _b23880
_a3 0
100 _a---
245 _aTHE KINGS TREASURIES OF LITERATURE.
260 _bE. P. COMPANY, NEW YORK.
_c0
300 _a256
_bसाधी
365 _b0
520 _aई.एल.सी.
630 _aTHE KINGS TREASURIES OF LITERATURE.
650 _aई.एल.सी.
730 _aTHE KINGS TREASURIES OF LITERATURE.
942 _cBOOK
999 _c682540
_d682537